LEADER 01223nam0 22002771i 450 001 UON00094010 005 20231205102524.333 100 $a20020107d1997 |0itac50 ba 101 $ager 102 $aAT 105 $a|||| 1|||| 200 1 $aˆDas ‰AUXILIARKASTELL Carnuntum 1$eForschungen 1977-1988$fherausgegeben von Herma Stiglitz 210 $aWien$cOsterreichisches Archaologisches Institut$d1997 215 $a268 p.$d30 cm$e4 tav. rip. 316 $aBibliothek Wien$5IT-UONSI N 3CARNUNTUM001 410 1$1001UON00087465$12001 $aSonderschriften des Osterreichisches Archaologisches Institut in Wien$v29 620 $aAT$dWien$3UONL003140 686 $aN3$cTOPOGRAFIA MEDITERRANEO OCCIDENTALE ED EUROPA CONTINENTALE$2A 702 1$aSTIGLITZ$bHerma$3UONV060631 712 $aOsterreichisches Archaologisches Instut$3UONV259658$4650 801 $aIT$bSOL$c20240220$gRICA 899 $aSIBA - SISTEMA BIBLIOTECARIO DI ATENEO$2UONSI 912 $aUON00094010 950 $aSIBA - SISTEMA BIBLIOTECARIO DI ATENEO$dSI N 3 CARNUNTUM 001 $eSI MC 21142 7 Bibliothek Wien 996 $aAuxiliarkastell Carnuntum 1$9283170 997 $aUNIOR LEADER 00936nam0-2200277 --450 001 9911020974803321 005 20250828111709.0 010 $a978-88-481-4737-8 100 $a20250828d2024----kmuy0itay5050 ba 101 0 $aita 102 $aIT 105 $aa c 001yy 200 1 $aAutodesk AutoCAD 2025$eguida completa per architettura, meccanica e design$eprogettazione 2D, modellazione 3D, tavole tecniche, rendering, stampa 3D$fWerner Stefano Villa 210 $aMilano$cTecniche nuove$d2024 215 $aXV, 562 p.$cill.$d24 cm 225 1 $aVolcano Learning 300 $aIn copertina: Autodesk authorized publisher 700 1$aVilla,$bWerner Stefano$0523916 712 02$aTecniche nuove$c$4650 801 0$aIT$bUNINA$gREICAT$2UNIMARC 901 $aBK 912 $a9911020974803321 952 $aTECN B 2352$b556/2025$fFARBC 959 $aFARBC 996 $aAutodesk AutoCAD 2025$94424084 997 $aUNINA LEADER 03343nam 2200685 a 450 001 9910462181203321 005 20250905110050.0 010 $a9781618110411 010 $a1618110411 024 7 $a10.1515/9781618110411 035 $a(CKB)2670000000204308 035 $a(EBL)3110464 035 $a(SSID)ssj0000686010 035 $a(PQKBManifestationID)11415034 035 $a(PQKBTitleCode)TC0000686010 035 $a(PQKBWorkID)10717663 035 $a(PQKB)11520161 035 $a(MiAaPQ)EBC3110464 035 $a(DE-B1597)541136 035 $a(OCoLC)864383501 035 $a(DE-B1597)9781618110411 035 $a(Au-PeEL)EBL3110464 035 $a(CaPaEBR)ebr10567520 035 $a(CaONFJC)MIL546517 035 $a(Perlego)978671 035 $a(ODN)ODN0001141485 035 $a(EXLCZ)992670000000204308 100 $a20120608d2012 uy 0 101 0 $aeng 135 $aurcn||||||||| 181 $ctxt 182 $cc 183 $acr 200 10$aAlfred Dreyfus $eman, milieu, mentality and Midrash /$fNorman Simms 210 $aBoston $cAcademic Studies Press$d2012 215 $a1 online resource (414 p.) 225 1 $aReference library of Jewish intellectual history 300 $aDescription based upon print version of record. 311 0 $a9781936235391 311 0 $a1936235390 320 $aIncludes bibliographical references and index. 327 $tFront matter --$tTable of Contents --$tPrologue --$tChapter One: Introduction --$tChapter Two: Bodies of Evidence --$tChapter Three: The Phantasmagoria of a Secular Midrash --$tEpilogue --$tBibliography --$tIndex 330 $aThis groundbreaking book focuses on Alfred Dreyfus the man, with emphasis placed on his own writings, including his recently published prison workbooks and his letters to his wife Lucie. Through close reading of these documents, a much more sensitive, intellectual, and Jewish man is revealed than was previously suspected. He and Lucie, through their family connections and mutual loyalty, were interested in and supported the artistic, scientific, philosophical and historical movements that formed their Parisian milieu. But as an Alsatian Jew, Alfred was also critical of many aspects of technological and ideological developments, making his mentality one of skepticism as well as idealism. Norman Simms addresses the way Dreyfus perceived the world, challenged many of its assumptions and contextualized it in the style of a rabbinical midrash, a process that created what Alfred called a ?phantasmagoria? of the Affair that bears his name, and also interprets the man, his milieu and his mentality in the style of a midrash, a creative, transformative reading. 410 0$aReference library of Jewish intellectual history. 606 $aTrials (Treason)$xPolitical aspects$zFrance 606 $aAntisemitism$zFrance$xHistory$y19th century 606 $aMidrash 607 $aFrance$xHistory$yThird Republic, 1870-1940 615 0$aTrials (Treason)$xPolitical aspects 615 0$aAntisemitism$xHistory 615 0$aMidrash. 676 $a944.0812092 700 $aSimms$b Norman Toby$0853731 801 0$bMiAaPQ 801 1$bMiAaPQ 801 2$bMiAaPQ 906 $aBOOK 912 $a9910462181203321 996 $aAlfred Dreyfus$91906286 997 $aUNINA